Stany USA z najniższą medianą wieku - Statystyki

Ogólne statystyki
  • Ten quiz został rozwiązany 34 razy
    11 od ostatniego zresetowania
  • Średni wynik to 6 z 10
Statystyki odpowiedzi
Wiek Stan % Poprawnych
35,6 Teksas
82%
37,6 Georgia
73%
35,9 Alaska
64%
37,6 Kansas
55%
37,7 Kolorado
55%
37,4 Nebraska
55%
32,1 Utah
55%
37,5 Idaho
45%
36,2 Dakota Północna
36%
37,1 Oklahoma
36%
Nie znaleziono quizów pasujących do podanych kryteriów
Rozkład punktacji
Procent ludzi z każdym wynikiem
Percentyl według liczby udzielonych odpowiedzi
Twoja historia wyników
Nie rozwiązałeś tego quizu od ostatniego zresetowania